Databázová aplikácia vo vybranom prostredí bakalárska práca

Uložené v:
Podrobná bibliografia
Hlavný autor: Zábojník, Matúš
Korporativný autor: Fakulta hospodárskej informatiky EU. Katedra aplikovanej informatiky
Ďalší autori: Blahušiak, Martin
Médium: Kniha
Jazyk:Slovak
Vydavateľské údaje: Bratislava 2014
Tagy: Pridať tag
Žiadne tagy, Buďte prvý, kto otaguje tento záznam!

MARC

LEADER 00000nbm a2200000 4500
001 0189921
005 20170201113019.7
041 0 |a slo 
044 |a SK 
245 1 0 |a Databázová aplikácia vo vybranom prostredí  |b bakalárska práca  |c Matúš Zábojník ; školiteľ: Martin Blahušiak 
264 1 |a Bratislava  |c 2014 
300 |a 41 s. 
100 1 |a Zábojník, Matúš 
700 1 |a Blahušiak, Martin 
710 2 |a Fakulta hospodárskej informatiky EU. Katedra aplikovanej informatiky